El miedo a la libertad /
Guardado en:
| Autor Principal: | |
|---|---|
| Formato: | Libro |
| Publicado: |
Argentina :
Paidos,
1966
|
| Materias: | |
| Etiquetas: |
Agregar Etiqueta
Sin Etiquetas, Sea el primero en etiquetar este registro!
|
| LEADER | 00659nam a22002055a 4500 | ||
|---|---|---|---|
| 001 | CEM.cems002632 | ||
| 005 | 19000101000000.0 | ||
| 008 | 130507s1966##################000#0#####d | ||
| 003 | CEMS | ||
| 082 | 0 | 4 | |a 123 |
| 100 | 1 | |a Fromm, Erich | |
| 245 | 1 | 0 | |a El miedo a la libertad / |
| 260 | |a Argentina : |b Paidos, |c 1966 | ||
| 300 | |a 345 p. | ||
| 653 | |a Donacion c. basico | ||
| 653 | |a Filosofia | ||
| 859 | |a CEMS |b BIB. CEMS - 11 de abril |h 123 |i F927 |p 16924.93 |t Ej.2 | ||
| 859 | |a CEMS |b BIB. CEMS - 11 de abril |h 123 |i F927 |p 16925.93 |t Ej.3 | ||
| 859 | |a CEMS |b BIB. CEMS - 11 de abril |h 123 |i F927 |p 18777.96 |t Ej.4 | ||
| 859 | |a CEMS |b BIB. CEMS - 11 de abril |h 123 |i F927 |p 370.73 |t Ej.1 | ||
